Statistics for Moscow Movies by Picture

Click here to take the quiz!

General Stats

  • This quiz has been taken 32 times
  • The average score is 9 of 16

Answer Stats

Answer% Correct
Rocky IV
100%
Napoleon
94%
The Bourne Supremacy
87%
Creed II
84%
Hellboy
81%
A Good Day to Die Hard
65%
Tetris
61%
Air Force One
58%
Fast and Furious 6
48%
Anna Karenina
45%
Mission: Impossible – Ghost Protocol
45%
Resident Evil: Retribution
39%
Hitman
35%
Red Heat
23%
Jack Ryan: Shadow Recruit
16%
The November Man
13%

Score Distribution

Percentile by Number Answered

Percent of People with Each Score

Your Score History

You have not taken this quiz